| 000 | 00640nam a2200193 a 4500 | ||
|---|---|---|---|
| 005 | 20250620063852.0 | ||
| 008 | 991125s1969 bar 000 0 spa u | ||
| 035 | _aUPN01000049273 | ||
| 049 | _aCG | ||
| 050 | 4 |
_aLB1105 _bP3.2a no.38 |
|
| 100 | 1 | _aWidlcher, Daniel | |
| 245 | 1 | 3 |
_aEl psicodrama en el niño / _cDaniel Widlcher ; tr. por Fabián Pérez Jiménez. |
| 260 |
_aBarcelona, Esp. : _bL. Miracle, _c1969. |
||
| 300 | _a174 p. | ||
| 440 | 0 |
_aPaideia. _pBiblioteca práctica de pedagogía, psicología y psicopatología de la infancia ; _v38 |
|
| 650 | 2 |
_aPsicodrama _915884 |
|
| 650 | 4 |
_aPsicoterapia infantil _915 |
|
| 905 | _aLibro | ||
| 999 |
_c49273 _d49273 |
||